Charakterizácia materiálov pre fúzne reaktory pomocou GIXRD

Saved in:
Bibliographic Details
Main Author: Nižnanský, Milan (Author)
Other Authors: Novák, Patrik (Thesis advisor)
Format: Manuscript Book
Language:Slovak
Published: 2015
Subjects:
Online Access:http://is.stuba.sk/zp/portal_zp.pl?podrobnosti=96795
Tags: Add Tag
No Tags, Be the first to tag this record!

MARC

LEADER 00000ntm a22000003a 4500
001 stuzp47924
003 SK-STU
005 20160719153203.3
007 ta
008 150427s2015----xo-----f-mn---000-0-slo-d
040 |a STU  |b slo 
041 0 |a slo 
100 1 |a Nižnanský, Milan  |u 036000  |4 aut  |U FEI Fakulta elektrotechniky a informatiky  |T FEI Ústav jadrového a fyzikálneho inžinierstva  |X 64893  |U E060  |Y 817  |7 64893 
242 0 1 |a Research of new materials for fusion reactors with GIXRD  |y eng 
245 1 0 |a Charakterizácia materiálov pre fúzne reaktory pomocou GIXRD 
260 |c 2015 
300 |a 44 s., príl. 
650 4 |a usporiadanie pod malým uhlom dopadu GIXRD  |2 slo 
650 4 |a RTG žiarenie  |2 slo 
650 4 |a Fe-Cr zliatiny  |2 slo 
650 4 |a Fe.Cr alloys  |2 eng 
650 4 |a X-ray  |2 eng 
650 4 |a grazing incident X-ray diffraction  |2 eng 
700 1 |a Novák, Patrik  |4 ths  |X 51414  |7 A000051414 
856 4 |u http://is.stuba.sk/zp/portal_zp.pl?podrobnosti=96795 
996 |b 284ER01638  |c E*Bc- 1638  |l EE36  |s P  |a 0  |w stuzp47924_0001 
SQL |a stuzp47924  |b DBP  |c SLO  |d Charakterizácia materiálov pre fúzne reaktory pomocou GIXRD  |e 64893  |f Nižnanský, Milan  |g 036000  |h 51414  |i Novák, Patrik  |j 20150706  |k 76  |l 03  |m http://is.stuba.sk/zp/portal_zp.pl?podrobnosti=96795  |n B-ELT  |o 5.2.9. elektrotechnika